| 000 | 00444nam a22001577a 4500 | ||
|---|---|---|---|
| 003 | OSt | ||
| 008 | 220713b |||||||| |||| 00| 0 eng d | ||
| 020 | _a9788131807637 | ||
| 082 |
_a631.587 _bPUN/IR |
||
| 100 | I |
_aPunmia,B C _aPande, BB,Lal _aAshokkumar Jain _95226 |
|
| 245 | _aIrrigation and Water Power Engineering | ||
| 250 | _a16 th | ||
| 260 |
_aNew Delhi _bLaxmi Publications (P) Ltd _c2014 |
||
| 300 |
_a964 _bcolor plates |
||
| 942 | _cBK | ||
| 999 |
_c14146 _d14146 |
||